zpět

Detail výsledku týmu

Klub Tyjátr, Svitavy

Datum a čas kvízu

36 Celkem bodů Celkový počet nahraných bodů na tomto kvízu bez doplňovacích otázek.
4. Pořadí na kvízu Konečné umístění týmu na tomto kvízu.

Zaznamenané odpovědi

# Otázka Odpověď Body Výsledky
1. Sociální demokracii opustila p... o Bohuslava Sobotku 0
2. Evropská komise ve čtvrtek zah... Maďarsko, Polsko 1
3. Ve čtvrtek měl v našich kinech... Jan Prušinovský 1
4. Pokud byste měli volných 12 mi... Kersko 1
5. Česká olympijská výprava přišl... Zuzana Hejnová 0
6. V našem tématu se podíváme na... A 1
7. Neutrální oslovení „to“ v posl... Demi Lovato 1
8. Samotné slovo „to“ je v českém... číslo, pád, druh 1
9. Doména .cz je určena pro počít... Tongo 1
10. Toto je americká kapela založe... Africa 1